| 000 | 01034nam a2200229Ia 4500 | ||
|---|---|---|---|
| 001 | 18993 | ||
| 005 | 20260406115025.0 | ||
| 008 | 260306s9999||||xx |||||||||||||| ||und|| | ||
| 041 | _aESP | ||
| 082 |
_a658.72 _bE79 2019 |
||
| 100 |
_aEscudero Serrano, María José _eAUT |
||
| 245 | 0 | _aGestión de compras | |
| 260 | _c2019 | ||
| 300 |
_a252 páginas : _c27 cm. |
||
| 650 | _aGEN | ||
| 654 | _aCAN | ||
| 856 |
_uhttps://itmsp.museknowledge.com/UCSP?url=https://www.ebooks7-24.com:443/?il=16514&pg=1 _zVéase además: Gestión de compras, por Joan Escrivà Monzó. Versión digital |
||
| 856 |
_uhttps://0u213vakb-y-https-ebooks7--24-com.itmsp.museknowledge.com/biblioteca.aspx _zVéase además: Base de datos Ebook7-24 |
||
| 856 |
_uhttps://0u20fvakq-y-https-research-ebsco-com.itmsp.museknowledge.com/c/qxo6us/search _z Véase además: Base de datos EBSCOhost |
||
| 856 |
_uhttps://0u20yvalt-y-https-www-bibliotechnia-com-mx.itmsp.museknowledge.com/ _zVéase además: Base de datos BiblioTechnia |
||
| 942 |
_cLIB _dJUS _fJUS _2ddc |
||
| 999 |
_c18993 _d18993 |
||